000 00851nam a2200241 a 4500
001 000049055
003 DO-SdBNP
005 20230214084521.0
007 ta
008 190716s1982 dr r 000 0 spa d
040 _aDO-SdBNP
_bspa
_cBNPHU
082 4 _a346.7293082
_bR426L, 1982
_222
110 2 _aRepública Dominicana
_9447
240 1 0 _a[Leyes, etc.]
245 1 0 _aLeyes que rigen el sistema dominicano de ahorros y prestamos y reglamentos para su aplicación.
260 _aSanto Domingo :
_bBanco Nacional de la Vivienda,
_c1982.
300 _a176 p. ;
_c21 cm.
590 _aInventariado, 2019/BT
650 4 _aPréstamos bancarios
_zRepública Dominicana
_xLegislación
_97943
650 4 _aAhorro e inversión
_zRepública Dominicana
_xLegislación
_97944
650 4 _aDerecho bancario
_zRepública Dominicana
_97945
942 _2ddc
_cLBS1
999 _c48543
_d48543